Chytiť sa myšlienky

Generálna riaditeľka Slovenskej záručnej banky (SZB), štátneho peňažného ústavu, Ing. Gabriela Sedláková o pôsobení a dosiahnutých výsledkoch SZB. Banková stratégia orientovaná na záujmy klienta. Riziká návratnosti poskytnutých financií. Pozícia SZB v súčasnom smerovaní finančníctva.

Salvato in:
Dettagli Bibliografici
Autore principale: Sedláková, G.
Altri autori: Herzogová, Emília
Natura: Capitolo di libro
Lingua:slovacco
Soggetti:
Tags: Aggiungi Tag
Nessun Tag, puoi essere il primo ad aggiungerne!!

MARC

LEADER 00000naa a2200000 4500
001 r021787
005 20230801105257.8
041 0 |a slo 
044 |a SK 
245 1 0 |a Chytiť sa myšlienky  |c G. Sedláková, Emília Herzogová 
520 |a Generálna riaditeľka Slovenskej záručnej banky (SZB), štátneho peňažného ústavu, Ing. Gabriela Sedláková o pôsobení a dosiahnutých výsledkoch SZB. Banková stratégia orientovaná na záujmy klienta. Riziká návratnosti poskytnutých financií. Pozícia SZB v súčasnom smerovaní finančníctva. 
610 2 0 |a Slovensko 
610 2 0 |a 1991-1996 
610 2 0 |a banky záručné 
610 2 0 |a Slovenská záručná banka, š.p.ú. Bratislava 
100 1 |a Sedláková, G. 
700 1 |a Herzogová, Emília